[Event "Kragero Resort Chess B 2019"]
[Site "Kragero"]
[Date "2019.02.23"]
[Round "7.4"]
[White "Tumanyan, Simon H."]
[Black "Hausken, Andreas Skrede"]
[Result "1-0"]
[WhiteElo "1704"]
[BlackElo "1752"]
[Annotator "NA"]
[PlyCount "143"]
[EventDate "2019.02.20"]
[EventType "swiss"]
[EventCountry "NOR"]
[SourceTitle "playchess.com"]
[Source "ChessBase"]
[SourceQuality "1"]
[TimeControl "5400+30"]

1. e4 {[%emt 0:00:00]} c5 {[%emt 0:00:00]} 2. Nf3 {[%emt 0:00:00]} e6 {[%emt 0:00:00]} 3. c3 {[%emt 0:00:00]} Nf6 {[%emt 0:03:31]} 4. Bd3 {[%emt 0:01:12]} Nc6 {[%emt 0:00:47]} 5. e5 {[%emt 0:00:43]} Nd5 {[%emt 0:00:12]} 6. Be4 {[%emt 0:01:46]} d6 {[%emt 0:04:51]} 7. exd6 {[%emt 0:03:32]} Qxd6 {[%emt 0:01:25]} 8. O-O {[%emt 0:00:34]} Be7 {[%emt 0:00:30]} 9. d4 {[%emt 0:00:25]} cxd4 {[%emt 0:04:23]} 10. Nxd4 {[%emt 0:00:07]} Nxd4 {[%emt 0:00:23]} 11. Qxd4 {[%emt 0:00:15]} Nf6 {[%emt 0:05:52]} 12. Qxd6 {[%emt 0:01:57]} Bxd6 {[%emt 0:00:12]} 13. Bf3 {[%emt 0:00:05]} O-O {[%emt 0:01:44]} 14. Rd1 {[%emt 0:03:02]} Bc7 {[%emt 0:03:36]} 15. Na3 {[%emt 0:00:27]} a6 {[%emt 0:00:59]} 16. Be3 {[%emt 0:01:46]} e5 {[%emt 0:03:09]} 17. c4 {[%emt 0:11:45]} e4 {[%emt 0:02:11]} 18. Be2 {[%emt 0:00:30]} Be6 {[%emt 0:01:09]} 19. Bd4 {[%emt 0:03:43]} Ng4 {[%emt 0:04:15]} 20. h3 {[%emt 0:01:02]} Ne5 {[%emt 0:00:18]} 21. b3 {[%emt 0:01:01]} Rfd8 {[%emt 0:01:02]} 22. Nc2 {[%emt 0:00:16]} f5 {[%emt 0:02:33]} 23. Be3 {[%emt 0:08:50]} Bf7 {[%emt 0:12:23]} 24. Nd4 {[%emt 0:01:19]} g6 {[%emt 0:00:35]} 25. c5 {[%emt 0:02:06]} Rd5 {[%emt 0:02:48]} 26. f4 {[%emt 0:06:02]} exf3 {[%emt 0:05:39]} 27. Nxf3 {[%emt 0:00:26]} Rad8 {[%emt 0:00:34]} 28. Rxd5 {[%emt 0:01:06]} Rxd5 {[%emt 0:00:54]} 29. Rc1 {[%emt 0:11:47]} Nd3 {[%emt 0:02:16]} 30. Rc3 {[%emt 0:05:30]} Nf4 {[%emt 0:04:36]} 31. Bf1 {[%emt 0:03:58]} Rd1 {[%emt 0:07:11]} 32. Rc2 {[%emt 0:04:44]} Bd5 {[%emt 0:05:39]} 33. Kf2 {[%emt 0:05:04]} Be4 {[%emt 0:05:08]} 34. Bc4+ {[%emt 0:02:23]} Kf8 {[%emt 0:01:21]} 35. Rd2 {[%emt 0:00:21]} Rxd2+ {[%emt 0:05:30]} 36. Bxd2 {[%emt 0:02:06]} Nd3+ {[%emt 0:00:39]} 37. Bxd3 {[%emt 0:03:58]} Bxd3 {[%emt 0:00:42]} 38. Ng5 {[%emt 0:00:12]} Kg8 {[%emt 0:00:16]} 39. Bc3 {[%emt 0:01:30]} Bb5 {[%emt 0:01:45]} 40. Ne6 {[%emt 0:02:31]} Bb8 {[%emt 0:00:15]} 41. Nd8 {[%emt 0:00:43]} Ba7 {[%emt 0:00:33]} 42. b4 {[%emt 0:00:56]} Bc4 {[%emt 0:06:03]} 43. Nxb7 {[%emt 0:01:18]} Bxa2 {[%emt 0:00:09]} 44. Nd6 {[%emt 0:03:23]} a5 {[%emt 0:01:25]} 45. Nb5 {[%emt 0:00:44]} axb4 {[%emt 0:00:56]} 46. Bxb4 {[%emt 0:00:01]} Bb8 {[%emt 0:00:19]} 47. c6 {[%emt 0:00:07]} g5 {[%emt 0:01:39]} 48. c7 {[%emt 0:00:11]} Bxc7 {[%emt 0:00:03]} 49. Nxc7 {[%emt 0:00:03]} g4 {[%emt 0:00:07]} 50. h4 {[%emt 0:00:38]} f4 {[%emt 0:00:23]} 51. Bd6 {[%emt 0:00:42]} f3 {[%emt 0:00:17]} 52. gxf3 {[%emt 0:01:24]} gxf3 {[%emt 0:00:05]} 53. Kxf3 {[%emt 0:00:02]} Kf7 {[%emt 0:00:11]} 54. Kf4 {[%emt 0:00:06]} Kg6 {[%emt 0:00:43]} 55. Kg4 {[%emt 0:00:23]} Bc4 {[%emt 0:00:15]} 56. h5+ {[%emt 0:01:22]} Kf7 {[%emt 0:00:15]} 57. Kg5 {[%emt 0:00:19]} Bb3 {[%emt 0:00:52]} 58. Nb5 {[%emt 0:00:20]} Ba2 {[%emt 0:00:35]} 59. Nd4 {[%emt 0:00:24]} Bb1 {[%emt 0:00:18]} 60. Be5 {[%emt 0:00:34]} Bd3 {[%emt 0:00:51]} 61. Nf3 {[%emt 0:00:32]} Be4 {[%emt 0:00:43]} 62. Nh2 {[%emt 0:02:06]} Bc2 {[%emt 0:00:22]} 63. Ng4 {[%emt 0:00:12]} Ke6 {[%emt 0:00:47]} 64. Bb2 {[%emt 0:00:17]} Bb1 {[%emt 0:00:29]} 65. Nf6 {[%emt 0:00:36]} Kd6 {[%emt 0:00:41]} 66. Kh6 {[%emt 0:00:26]} Kc5 {[%emt 0:00:11]} 67. Nxh7 {[%emt 0:00:09]} Kd5 {[%emt 0:00:09]} 68. Ng5 {[%emt 0:00:12]} Bf5 {[%emt 0:00:11]} 69. Kg7 {[%emt 0:00:10]} Bc2 {[%emt 0:00:09]} 70. h6 {[%emt 0:00:04]} Bb1 {[%emt 0:00:06]} 71. Nh7 {[%emt 0:00:18]} Ke6 {[%emt 0:00:08]} 72. Nf8+ {[%emt 0:01:23]} 1-0

[Event "Kragero Resort Chess B 2019"]
[Site "Kragero"]
[Date "2019.02.23"]
[Round "7.5"]
[White "Fjellheim, Benjamin"]
[Black "Leonhardsen, Vebjorn Maanum"]
[Result "1/2-1/2"]
[WhiteElo "1757"]
[BlackElo "1748"]
[Annotator "NA"]
[PlyCount "46"]
[EventDate "2019.02.20"]
[EventType "swiss"]
[EventCountry "NOR"]
[SourceTitle "playchess.com"]
[Source "ChessBase"]
[SourceQuality "1"]
[TimeControl "5400+30"]

1. c4 {[%emt 0:00:57]} c6 {[%emt 0:00:00]} 2. g3 {[%emt 0:00:28]} d5 {[%emt 0:00:00]} 3. Bg2 {[%emt 0:00:10]} Nf6 {[%emt 0:00:11]} 4. Nf3 {[%emt 0:01:12]} Bf5 {[%emt 0:00:48]} 5. O-O {[%emt 0:01:44]} e6 {[%emt 0:01:04]} 6. b3 {[%emt 0:01:54]} Be7 {[%emt 0:00:23]} 7. Bb2 {[%emt 0:00:23]} h6 {[%emt 0:00:34]} 8. d3 {[%emt 0:04:10]} O-O {[%emt 0:00:34]} 9. Nbd2 {[%emt 0:01:17]} Nbd7 {[%emt 0:03:14]} 10. Re1 {[%emt 0:02:07]} Bh7 {[%emt 0:06:46]} 11. d4 {[%emt 0:07:29]} Ne4 {[%emt 0:01:06]} 12. Nxe4 {[%emt 0:02:19]} Bxe4 {[%emt 0:00:08]} 13. Nd2 {[%emt 0:08:58]} Bxg2 {[%emt 0:00:11]} 14. Kxg2 {[%emt 0:00:02]} Nf6 {[%emt 0:01:02]} 15. e3 {[%emt 0:08:30]} a5 {[%emt 0:09:10]} 16. a3 {[%emt 0:04:55]} Qc7 {[%emt 0:05:28]} 17. Qc2 {[%emt 0:06:39]} Rfc8 {[%emt 0:03:46]} 18. Rec1 {[%emt 0:01:35]} Ra6 {[%emt 0:05:43]} 19. c5 {[%emt 0:07:52]} Nd7 {[%emt 0:13:29]} 20. b4 {[%emt 0:04:12]} axb4 {[%emt 0:03:20]} 21. axb4 {[%emt 0:00:06]} Rca8 {[%emt 0:00:33]} 22. Rxa6 {[%emt 0:03:19]} Rxa6 {[%emt 0:00:18]} 23. Ra1 {[%emt 0:01:30]} Rxa1 {[%emt 0:00:55]} 1/2-1/2

[Event "Kragero Resort Chess B 2019"]
[Site "Kragero"]
[Date "2019.02.23"]
[Round "7.6"]
[White "Omtvedt, Per"]
[Black "Berg, Thomas"]
[Result "1/2-1/2"]
[WhiteElo "1918"]
[BlackElo "2235"]
[Annotator "NA"]
[PlyCount "109"]
[EventDate "2019.02.20"]
[EventType "swiss"]
[EventCountry "NOR"]
[SourceTitle "playchess.com"]
[Source "ChessBase"]
[SourceQuality "1"]
[TimeControl "5400+30"]

1. e4 {[%emt 0:00:00]} c5 {[%emt 0:00:00]} 2. Nc3 {[%emt 0:00:00]} Nc6 {[%emt 0:00:00]} 3. g3 {[%emt 0:00:00]} g6 {[%emt 0:00:00]} 4. Bg2 {[%emt 0:00:00]} Bg7 {[%emt 0:00:00]} 5. d3 {[%emt 0:00:04]} d6 {[%emt 0:00:32]} 6. Be3 {[%emt 0:00:08]} Rb8 {[%emt 0:00:08]} 7. Qd2 {[%emt 0:00:23]} b5 {[%emt 0:00:25]} 8. Nge2 {[%emt 0:00:38]} b4 {[%emt 0:00:05]} 9. Nd1 {[%emt 0:00:07]} Nd4 {[%emt 0:01:00]} 10. O-O {[%emt 0:01:10]} Nxe2+ {[%emt 0:01:39]} 11. Qxe2 {[%emt 0:00:06]} Nf6 {[%emt 0:01:09]} 12. h3 {[%emt 0:00:20]} h5 {[%emt 0:00:20]} 13. f4 {[%emt 0:00:45]} a5 {[%emt 0:06:06]} 14. e5 {[%emt 0:06:34]} dxe5 {[%emt 0:04:28]} 15. fxe5 {[%emt 0:02:19]} Nh7 {[%emt 0:25:44]} 16. Bxc5 {[%emt 0:01:33]} O-O {[%emt 0:01:34]} 17. d4 {[%emt 0:01:21]} Ng5 {[%emt 0:00:22]} 18. Kh2 {[%emt 0:06:34]} Qc7 {[%emt 0:02:24]} 19. Nf2 {[%emt 0:04:36]} Ne6 {[%emt 0:00:59]} 20. Ne4 {[%emt 0:01:30]} Bb7 {[%emt 0:00:27]} 21. Rae1 {[%emt 0:11:29]} Bxe4 {[%emt 0:03:10]} 22. Qxe4 {[%emt 0:00:38]} Nxc5 {[%emt 0:02:29]} 23. dxc5 {[%emt 0:00:34]} Qxc5 {[%emt 0:00:36]} 24. Rf3 {[%emt 0:03:07]} e6 {[%emt 0:02:33]} 25. Bf1 {[%emt 0:01:18]} Rbd8 {[%emt 0:04:04]} 26. Bd3 {[%emt 0:02:22]} Qd4 {[%emt 0:00:22]} 27. Qxd4 {[%emt 0:01:58]} Rxd4 {[%emt 0:00:03]} 28. Rf4 {[%emt 0:02:32]} Rd5 {[%emt 0:01:52]} 29. Rfe4 {[%emt 0:00:28]} Rc8 {[%emt 0:01:09]} 30. Kg2 {[%emt 0:06:23]} Rcc5 {[%emt 0:00:09]} 31. Kf3 {[%emt 0:00:56]} Rxe5 {[%emt 0:00:39]} 32. b3 {[%emt 0:05:02]} Kf8 {[%emt 0:02:05]} 33. g4 {[%emt 0:00:17]} hxg4+ {[%emt 0:00:16]} 34. hxg4 {[%emt 0:00:06]} Rxe4 {[%emt 0:01:04]} 35. Rxe4 {[%emt 0:00:12]} Ke7 {[%emt 0:00:40]} 36. Bc4 {[%emt 0:00:14]} Re5 {[%emt 0:01:27]} 37. Rxe5 {[%emt 0:01:44]} Bxe5 {[%emt 0:00:12]} 38. Ke4 {[%emt 0:00:26]} Kd6 {[%emt 0:00:27]} 39. Bb5 {[%emt 0:00:23]} f5+ {[%emt 0:00:19]} 40. gxf5 {[%emt 0:00:06]} gxf5+ {[%emt 0:01:01]} 41. Kf3 {[%emt 0:00:24]} Bg7 {[%emt 0:01:10]} 42. Ba6 {[%emt 0:01:08]} Bh6 {[%emt 0:00:30]} 43. Bc8 {[%emt 0:03:41]} Kd5 {[%emt 0:00:38]} 44. Bd7 {[%emt 0:00:09]} Bc1 {[%emt 0:01:20]} 45. Bc8 {[%emt 0:01:33]} f4 {[%emt 0:01:33]} 46. Bb7+ {[%emt 0:00:22]} Kd4 {[%emt 0:00:25]} 47. Be4 {[%emt 0:00:11]} Kc3 {[%emt 0:01:10]} 48. Bg6 {[%emt 0:00:37]} Kb2 {[%emt 0:00:10]} 49. Be4 {[%emt 0:00:12]} Kxa2 {[%emt 0:00:04]} 50. Bg6 {[%emt 0:00:20]} Ka3 {[%emt 0:00:18]} 51. Be4 {[%emt 0:00:09]} a4 {[%emt 0:00:04]} 52. bxa4 {[%emt 0:00:09]} Kxa4 {[%emt 0:00:09]} 53. Bg6 {[%emt 0:00:11]} b3 {[%emt 0:00:24]} 54. cxb3+ {[%emt 0:00:09]} Kxb3 {[%emt 0:00:02]} 55. Be4 {[%emt 0:00:16]} 1/2-1/2

[Event "Kragero Resort Chess B 2019"]
[Site "Kragero"]
[Date "2019.02.23"]
[Round "7.7"]
[White "Olsen, William Alexander"]
[Black "Opseth, Oliver"]
[Result "0-1"]
[WhiteElo "1646"]
[BlackElo "1750"]
[Annotator "NA"]
[PlyCount "50"]
[EventDate "2019.02.20"]
[EventType "swiss"]
[EventCountry "NOR"]
[SourceTitle "playchess.com"]
[Source "ChessBase"]
[SourceQuality "1"]
[TimeControl "5400+30"]

1. e4 {[%emt 0:00:00]} d6 {[%emt 0:00:09]} 2. Nf3 {[%emt 0:00:23]} g6 {[%emt 0:00:16]} 3. d4 {[%emt 0:00:49]} Nf6 {[%emt 0:00:40]} 4. Nc3 {[%emt 0:01:28]} Bg4 {[%emt 0:03:27]} 5. Bc4 {[%emt 0:02:09]} Bxf3 {[%emt 0:00:46]} 6. Qxf3 {[%emt 0:00:13]} Nbd7 {[%emt 0:01:23]} 7. Be3 {[%emt 0:09:05]} Bg7 {[%emt 0:03:00]} 8. O-O-O {[%emt 0:02:21]} e5 {[%emt 0:02:02]} 9. g4 {[%emt 0:03:40]} O-O {[%emt 0:04:23]} 10. h4 {[%emt 0:05:11]} Nb6 {[%emt 0:10:23]} 11. Bb3 {[%emt 0:02:23]} Qc8 {[%emt 0:01:11]} 12. Rhg1 {[%emt 0:07:39]} c5 {[%emt 0:05:57]} 13. dxc5 {[%emt 0:05:48]} dxc5 {[%emt 0:00:14]} 14. g5 {[%emt 0:03:31]} Nh5 {[%emt 0:03:02]} 15. Nd5 {[%emt 0:00:35]} Nxd5 {[%emt 0:00:41]} 16. Rxd5 {[%emt 0:02:42]} b6 {[%emt 0:02:36]} 17. Bc4 {[%emt 0:01:08]} Nf4 {[%emt 0:04:03]} 18. Bxf4 {[%emt 0:11:30]} exf4 {[%emt 0:00:07]} 19. e5 {[%emt 0:02:48]} b5 {[%emt 0:01:19]} 20. Bxb5 {[%emt 0:01:19]} Rb8 {[%emt 0:03:13]} 21. Bc4 {[%emt 0:01:34]} Rb4 {[%emt 0:02:37]} 22. b3 {[%emt 0:01:46]} Qb7 {[%emt 0:00:58]} 23. Qxf4 {[%emt 0:02:46]} Qxd5 {[%emt 0:01:24]} 24. a3 {[%emt 0:01:35]} Rxc4 {[%emt 0:00:44]} 25. bxc4 {[%emt 0:00:13]} Qxe5 {[%emt 0:00:07]} 0-1

[Event "Kragero Resort Chess B 2019"]
[Site "Kragero"]
[Date "2019.02.23"]
[Round "7.8"]
[White "Thorstensen, Martin"]
[Black "Hestholm, Gustav"]
[Result "1-0"]
[WhiteElo "1717"]
[BlackElo "1660"]
[Annotator "NA"]
[PlyCount "120"]
[EventDate "2019.02.20"]
[EventType "swiss"]
[EventCountry "NOR"]
[SourceTitle "playchess.com"]
[Source "ChessBase"]
[SourceQuality "1"]
[TimeControl "5400+30"]

1. e4 {[%emt 0:04:19]} c5 {[%emt 0:00:00]} 2. Nf3 {[%emt 0:00:45]} Nc6 {[%emt 0:00:00]} 3. Nc3 {[%emt 0:00:32]} g6 {[%emt 0:00:00]} 4. Bc4 {[%emt 0:00:25]} Bg7 {[%emt 0:00:00]} 5. a3 {[%emt 0:01:07]} Nf6 {[%emt 0:00:37]} 6. d3 {[%emt 0:00:32]} O-O {[%emt 0:00:55]} 7. O-O {[%emt 0:01:42]} a6 {[%emt 0:04:45]} 8. Be3 {[%emt 0:02:49]} b5 {[%emt 0:04:27]} 9. Ba2 {[%emt 0:01:36]} d6 {[%emt 0:00:30]} 10. h3 {[%emt 0:00:44]} Bb7 {[%emt 0:09:09]} 11. Rb1 {[%emt 0:07:15]} Qd7 {[%emt 0:05:37]} 12. Ne2 {[%emt 0:01:34]} Rac8 {[%emt 0:05:36]} 13. Nd2 {[%emt 0:02:54]} Ne8 {[%emt 0:03:29]} 14. f4 {[%emt 0:06:34]} Nc7 {[%emt 0:11:24]} 15. Ng3 {[%emt 0:03:10]} e6 {[%emt 0:08:34]} 16. f5 {[%emt 0:02:50]} exf5 {[%emt 0:07:17]} 17. exf5 {[%emt 0:00:48]} Bd4 {[%emt 0:02:22]} 18. Bxd4 {[%emt 0:01:06]} Nxd4 {[%emt 0:00:08]} 19. fxg6 {[%emt 0:01:17]} hxg6 {[%emt 0:02:15]} 20. c3 {[%emt 0:00:52]} Nc6 {[%emt 0:03:10]} 21. Nde4 {[%emt 0:01:04]} Ne8 {[%emt 0:02:24]} 22. Nf6+ {[%emt 0:12:26]} Nxf6 {[%emt 0:00:07]} 23. Rxf6 {[%emt 0:00:02]} Kg7 {[%emt 0:01:50]} 24. Qf1 {[%emt 0:05:52]} Qe7 {[%emt 0:03:36]} 25. Rf4 {[%emt 0:07:03]} Qe3+ {[%emt 0:00:39]} 26. Qf2 {[%emt 0:01:40]} Rce8 {[%emt 0:03:11]} 27. Rf1 {[%emt 0:06:31]} Qxf2+ {[%emt 0:00:38]} 28. R4xf2 {[%emt 0:00:53]} Nd8 {[%emt 0:00:41]} 29. Rf6 {[%emt 0:01:05]} Re3 {[%emt 0:03:11]} 30. Ne4 {[%emt 0:02:33]} Bxe4 {[%emt 0:02:10]} 31. dxe4 {[%emt 0:00:25]} Rd3 {[%emt 0:00:33]} 32. Bd5 {[%emt 0:01:28]} Rd2 {[%emt 0:01:27]} 33. Rxd6 {[%emt 0:00:25]} a5 {[%emt 0:04:08]} 34. Rf2 {[%emt 0:01:12]} Rxf2 {[%emt 0:02:16]} 35. Kxf2 {[%emt 0:00:02]} Ne6 {[%emt 0:02:44]} 36. Ke3 {[%emt 0:03:11]} Nc7 {[%emt 0:01:41]} 37. Rd7 {[%emt 0:00:41]} Nxd5+ {[%emt 0:00:09]} 38. Rxd5 {[%emt 0:00:17]} Rc8 {[%emt 0:00:14]} 39. Rd6 {[%emt 0:01:41]} Rb8 {[%emt 0:00:07]} 40. Rc6 {[%emt 0:00:30]} c4 {[%emt 0:01:23]} 41. e5 {[%emt 0:01:23]} Kf8 {[%emt 0:00:16]} 42. Kd4 {[%emt 0:01:32]} Ke7 {[%emt 0:00:30]} 43. Kc5 {[%emt 0:00:23]} b4 {[%emt 0:02:09]} 44. cxb4 {[%emt 0:00:31]} axb4 {[%emt 0:00:14]} 45. axb4 {[%emt 0:00:08]} Rd8 {[%emt 0:00:27]} 46. Kxc4 {[%emt 0:01:30]} Rd2 {[%emt 0:00:06]} 47. Kb3 {[%emt 0:03:42]} Rxg2 {[%emt 0:00:10]} 48. Rc3 {[%emt 0:00:25]} Re2 {[%emt 0:00:37]} 49. b5 {[%emt 0:00:51]} Rxe5 {[%emt 0:00:05]} 50. Kb4 {[%emt 0:00:04]} Kd6 {[%emt 0:00:50]} 51. b6 {[%emt 0:00:12]} Re8 {[%emt 0:00:53]} 52. Kb5 {[%emt 0:00:29]} Ra8 {[%emt 0:00:30]} 53. b7 {[%emt 0:00:33]} Rb8 {[%emt 0:00:56]} 54. Kb6 {[%emt 0:00:12]} f5 {[%emt 0:00:05]} 55. Rc8 {[%emt 0:00:24]} Rxb7+ {[%emt 0:00:07]} 56. Kxb7 {[%emt 0:00:36]} f4 {[%emt 0:00:06]} 57. Rc6+ {[%emt 0:00:41]} Ke5 {[%emt 0:00:07]} 58. Rxg6 {[%emt 0:00:24]} f3 {[%emt 0:00:08]} 59. Rg1 {[%emt 0:00:45]} Ke4 {[%emt 0:00:10]} 60. Rf1 {[%emt 0:00:10]} Kd5 {[%emt 0:00:11]} 1-0

[Event "Kragero Resort Chess B 2019"]
[Site "Kragero"]
[Date "2019.02.24"]
[Round "8.1"]
[White "Wright, Haakon"]
[Black "Manukyan, Hayk T."]
[Result "1/2-1/2"]
[WhiteElo "1750"]
[BlackElo "1806"]
[Annotator "NA RC"]
[PlyCount "103"]
[EventDate "2019.02.20"]
[EventType "swiss"]
[EventCountry "NOR"]
[SourceTitle "playchess.com"]
[Source "ChessBase"]
[SourceQuality "1"]
[TimeControl "5400+30"]

1. c4 {[%emt 0:00:00]} c6 {[%emt 0:00:00]} 2. g3 {[%emt 0:00:00]} d5 {[%emt 0:00:00]} 3. Bg2 {[%emt 0:01:40]} Nf6 {[%emt 0:00:00]} 4. Nf3 {[%emt 0:00:51]} Bf5 {[%emt 0:00:00]} 5. O-O {[%emt 0:00:40]} e6 {[%emt 0:00:00] LiveBook: 761 Games} 6. d3 {[%emt 0:04:22]} Nbd7 {[%emt 0:04:05]} 7. Nc3 {[%emt 0:08:09]} Be7 {[%emt 0:03:43]} 8. Bf4 {[%emt 0:04:49]} h6 {[%emt 0:00:21]} (8... O-O $11) 9. cxd5 $1 {[%emt 0:02:15]} exd5 {[%emt 0:07:51]} 10. Rb1 {[%emt 0:04:32]} ({White should play} 10. e4 $14 dxe4 11. dxe4 Nxe4 12. Nxe4 Bxe4 13. Re1) 10... a5 {[%emt 0:01:33]} 11. a3 {[%emt 0:01:38]} O-O {[%emt 0:00:27]} 12. b4 $11 {[%emt 0:02:57]} Re8 {[%emt 0:14:10]} 13. Qb3 {[%emt 0:05:59]} axb4 {[%emt 0:15:51]} 14. axb4 {[%emt 0:00:06]} Bf8 {[%emt 0:00:09]} 15. Rfe1 {[%emt 0:05:40]} Qb6 {[%emt 0:27:26]} 16. Be3 {[%emt 0:09:54]} Qc7 {[%emt 0:03:31]} 17. Rec1 {[%emt 0:04:43]} Qd8 {[%emt 0:00:29]} 18. b5 {[%emt 0:04:51]} Ng4 {[%emt 0:01:50]} 19. bxc6 {[%emt 0:04:20]} bxc6 {[%emt 0:00:09]} 20. Nd1 {[%emt 0:14:33]} Rb8 {[%emt 0:04:42]} 21. Qa2 {[%emt 0:01:57]} Rxb1 {[%emt 0:02:09]} 22. Rxb1 {[%emt 0:00:22]} Bc5 {[%emt 0:01:38]} 23. Bxc5 {[%emt 0:00:56]} Nxc5 {[%emt 0:00:01]} 24. h3 {[%emt 0:02:34]} Nf6 {[%emt 0:00:24]} 25. Nd4 {[%emt 0:00:38]} Bd7 {[%emt 0:01:23]} 26. Rc1 {[%emt 0:03:43]} Qb6 {[%emt 0:03:05]} 27. Qc2 {[%emt 0:00:40]} Ne6 {[%emt 0:02:11]} 28. Nxc6 {[%emt 0:01:24]} Bxc6 {[%emt 0:00:11]} 29. Qxc6 {[%emt 0:00:21]} Qxc6 {[%emt 0:00:04]} 30. Rxc6 {[%emt 0:00:02]} Nd4 {[%emt 0:00:09]} 31. Rc5 {[%emt 0:06:44]} Rxe2 {[%emt 0:00:32]} 32. Ne3 {[%emt 0:01:23]} Re1+ {[%emt 0:03:01]} 33. Bf1 {[%emt 0:00:10]} Nf3+ {[%emt 0:00:25]} 34. Kg2 {[%emt 0:00:32]} Nd2 {[%emt 0:00:11]} 35. Rc2 {[%emt 0:01:30]} d4 {[%emt 0:01:12]} 36. Rxd2 {[%emt 0:00:48]} dxe3 {[%emt 0:00:01]} 37. Re2 {[%emt 0:01:03]} Rxe2 {[%emt 0:00:45]} 38. Bxe2 {[%emt 0:00:02]} exf2 {[%emt 0:00:00]} 39. Kxf2 {[%emt 0:00:12]} Kf8 {[%emt 0:00:08]} 40. Bf3 {[%emt 0:00:28]} Ke7 {[%emt 0:00:02]} 41. Ke3 {[%emt 0:00:05]} Kd6 {[%emt 0:00:04]} 42. Kd4 {[%emt 0:01:38]} Ng8 {[%emt 0:00:24]} 43. Bd5 {[%emt 0:00:39]} Ne7 {[%emt 0:00:12]} 44. Bxf7 {[%emt 0:01:15]} Nf5+ {[%emt 0:00:01]} 45. Ke4 {[%emt 0:00:37]} Nxg3+ {[%emt 0:00:04]} 46. Kf4 {[%emt 0:00:07]} Ne2+ {[%emt 0:00:25]} 47. Kf5 {[%emt 0:00:24]} g5 {[%emt 0:03:52]} 48. Bh5 {[%emt 0:01:01]} Nf4 {[%emt 0:00:26]} 49. Bd1 {[%emt 0:00:43]} Nxd3 {[%emt 0:01:58]} 50. Kg6 {[%emt 0:00:11]} Nf2 {[%emt 0:00:06]} 51. Kxh6 {[%emt 0:00:33]} Nxh3 {[%emt 0:00:08]} 52. Bg4 {[%emt 0:00:16]} 1/2-1/2

[Event "Kragero Resort Chess B 2019"]
[Site "Kragero"]
[Date "2019.02.24"]
[Round "8.2"]
[White "Tumanyan, Simon H."]
[Black "Halvorsen, Benjamin"]
[Result "1-0"]
[WhiteElo "1704"]
[BlackElo "1683"]
[Annotator "NA RC"]
[PlyCount "70"]
[EventDate "2019.02.20"]
[EventType "swiss"]
[EventCountry "NOR"]
[SourceTitle "playchess.com"]
[Source "ChessBase"]
[SourceQuality "1"]
[TimeControl "5400+30"]

1. e4 {[%emt 0:00:00]} d6 {[%emt 0:00:00]} 2. d4 {[%emt 0:00:00]} Nf6 {[%emt 0:00:00]} 3. Nc3 {[%emt 0:00:00]} g6 {[%emt 0:00:05]} 4. Bg5 {[%emt 0:00:01]} Bg7 {[%emt 0:03:39]} 5. e5 {[%emt 0:00:55]} dxe5 {[%emt 0:14:29]} 6. dxe5 {[%emt 0:01:50]} Qxd1+ {[%emt 0:02:02]} 7. Rxd1 {[%emt 0:00:05]} Nfd7 {[%emt 0:01:57]} 8. f4 {[%emt 0:10:42]} Nb6 {[%emt 0:03:32]} 9. Nf3 {[%emt 0:03:27]} Bg4 {[%emt 0:05:46]} 10. Be2 {[%emt 0:01:07]} c6 {[%emt 0:03:45]} 11. O-O {[%emt 0:01:54]} N8d7 {[%emt 0:07:29]} 12. Bh4 {[%emt 0:07:09]} e6 {[%emt 0:06:05]} 13. Ne4 {[%emt 0:01:14]} O-O {[%emt 0:02:25]} 14. Nd6 {[%emt 0:00:14]} Nd5 {[%emt 0:00:42]} 15. h3 {[%emt 0:15:05]} Nxf4 {[%emt 0:02:04]} 16. hxg4 {[%emt 0:00:31]} Nxe2+ {[%emt 0:00:03]} 17. Kf2 {[%emt 0:00:01]} Nf4 {[%emt 0:00:45]} 18. Rfe1 {[%emt 0:10:06]} f6 {[%emt 0:09:05]} 19. exf6 {[%emt 0:10:39]} Nxf6 {[%emt 0:02:00]} 20. Kg3 {[%emt 0:00:46]} N6d5 {[%emt 0:11:18]} 21. c4 {[%emt 0:01:12]} Nb4 {[%emt 0:08:10]} 22. Be7 {[%emt 0:00:50]} Nbd3 {[%emt 0:00:24]} 23. Bxf8 {[%emt 0:02:17]} Bxf8 {[%emt 0:00:10]} 24. Nxb7 {[%emt 0:03:07]} Nxe1 {[%emt 0:01:11]} 25. Rxe1 {[%emt 0:00:01]} Rb8 {[%emt 0:00:36]} 26. Kxf4 {[%emt 0:01:45]} Rxb7 {[%emt 0:00:01]} 27. b3 {[%emt 0:01:03]} Rf7+ {[%emt 0:00:57]} 28. Ke5 {[%emt 0:00:42]} Bb4 {[%emt 0:02:12]} 29. Rd1 {[%emt 0:01:02]} h6 {[%emt 0:09:25]} 30. Kxe6 {[%emt 0:01:05]} Kg7 {[%emt 0:01:42]} 31. Rd7 {[%emt 0:00:31]} Rxd7 {[%emt 0:00:02]} 32. Kxd7 {[%emt 0:00:01]} c5 {[%emt 0:00:09]} 33. Ke6 {[%emt 0:00:32]} g5 {[%emt 0:00:48]} 34. Ne5 {[%emt 0:00:14]} a5 {[%emt 0:03:14]} 35. Nd3 {[%emt 0:00:12]} Bc3 {[%emt 0:00:49]} 1-0